Language Quiz

Random Language Quiz

Capitulo 9 Vocab Quiz Stats

 Plays Quiz not verified by Sporcle

Score 0/20 Timer 10:00
0 Plays Today
Hint Answer % Correct
beachla playa
100%
wavela ola
66.7%
seael mar
66.7%
poolla piscina
66.7%
summerel verano
66.7%
sandla arena
33.3%
cloudla nube
33.3%
to be cloudyestar nublado
33.3%
Skyel cielo
33.3%
Its sunnyHace sol
33.3%
Hint Answer % Correct
Its hotHace calor
0%
The weather is goodHace buen tiempo
0%
Its rainingllueve
0%
bathing suitel traje de bano
0%
sunglasseslos anteojos
0%
beach towella toalla playera
0%
to simnadar
0%
tomar el solto sunbathe
0%
to divebucear
0%
to spend the weekendpasar el fin de semana
0%

You're not logged in!

Compare scores with friends on all Sporcle quizzes.
OR
Log In

Show Comments

Extras

Created Feb 28, 2014ReportNominate

Top Quizzes Today


Score Distribution

Your Account Isn't Verified!

In order to create a playlist on Sporcle, you need to verify the email address you used during registration. Go to your Sporcle Settings to finish the process.

Report this User

Report this user for behavior that violates our Community Guidelines.

Details: